000 00566cam a22002177a 4500
001 001757
003 armpunfd
005 20140612090649.0
008 050915e0####xx#a##########000#0#und#d
040 _aarmpunfd
_carmpunfd
080 _a340 C 337
100 1 0 _a Rodriguez- Aguilera, Cesareo
245 1 0 _aEl lenguaje juridico
260 _a Arcelona : Bosch
_b1969. 75 P.
650 7 _a Abogado
_2LEMB
650 7 _a Juez
_2LEMB
650 7 _a Lenguaje Juridico
_2LEMB
650 7 _a Terminologia
_2LEMB
942 _cLB
_2cdu
945 _aCatalis
_d2010-08-19
999 _c1748
_d232252